[Event "Mechanics' Bedjanian TNM; G/2 d/5"]
[Site "San Francisco"]
[Date "2018.12.18"]
[Round "9.23"]
[White "Rakonitz, David"]
[Black "Newey, Richard"]
[Result "0-1"]
[WhiteElo "1670"]
[BlackElo "1600"]
[Annotator "Winslow,Elliott"]
[PlyCount "144"]
[EventDate "2018.??.??"]
[Source "ChessBase"]
[SourceDate "2007.09.04"]

1. d4 d5 2. Nf3 Nf6 3. c4 e6 4. Nc3 Nbd7 5. Bg5 Be7 6. e3 O-O 7. Qc2 b6 8. cxd5
exd5 9. Bd3 h6 10. Bh4 Bb7 11. O-O c5 12. dxc5 bxc5 13. Be2 Ne4 14. Bxe7 Qxe7
15. Rfd1 Ndf6 16. Rac1 Rfe8 17. Bb5 Red8 18. Qa4 a6 19. Bc6 Bxc6 20. Qxc6 Nxc3
21. Rxc3 Rab8 22. b3 Rd6 23. Qa4 Rb4 24. Qa3 Rdb6 25. Rdc1 Ne4 26. R3c2 g5 27.
Ne1 Rf6 28. Nd3 $16 Nxf2 $6 {/!? Black was sinking positionally (c5 was going,
and the d5-pawn would still be there to lose), and rolls the dice a bit.} 29.
Nxf2 (29. Rxf2 {is also fine)}) 29... Qxe3 30. Qb2 {There was no threat} Re4 {
Now there's one!} 31. Qc3 (31. g3) (31. h3) (31. Rf1) (31. Kf1) 31... Qxc3 32.
Rxc3 Re2 33. R3c2 $4 {Everything wins still -- except this.} (33. Rf1) (33. Ng4
) (33. Rf3) (33. Nd3) ({Even} 33. Nh1) 33... Rfxf2 34. Rxe2 Rxe2 35. Rxc5 Rxa2
36. Rxd5 {As to whether it is a draw or a Black win, it leans to a draw. White
succeeds in exchanging the queenside pawns, but lets Black get to h4 -- even
then his edge might be just symbolic.} Kg7 37. Rd6 (37. g4) 37... f6 38. h3 h5
39. Kh2 h4 40. Kg1 Kg6 41. Rd5 Kf7 42. Rd1 Ra3 43. b4 Ra4 44. Rb1 Ke6 45. b5
axb5 46. Rxb5 Rf4 47. Rb3 Rd4 48. Kf2 Ke5 49. Re3+ Kf5 50. Rb3 Rd2+ 51. Kg1 Ke4
52. Rb8 Rd5 53. Re8+ Re5 54. Rb8 Kf4 55. Rb3 f5 56. Rf3+ Ke4 57. Rb3 Rd5 58.
Kf2 Rd2+ 59. Kg1 g4 60. hxg4 fxg4 61. Rb4+ (61. Kh2 Rd1 62. Ra3 $11) 61... Rd4
{[#]} 62. Rb3 $6 (62. Rxd4+ $1 Kxd4 63. Kf2 $11 {
appears to be drawn. Black is kept off e2.} ({or} 63. Kf1 $11)) 62... g3 $1 {
(Still drawn, but this puts some pressure on White)} 63. Kf1 $2 {Finally over
the edge into Lostland. Two moves stop mate, and they both draw. How do I know
for certain? The Lomonosov Tablebase app on Android. The interface is grueling,
but somehow I trust the information.} (63. Rf3) (63. Rb1) 63... Ra4 $2 $11 (
63... Rd1+ 64. Ke2 h3 $3 $19 {is the only win, but what a win!}) 64. Ke2 $2 $19
(64. Rb1 $8 $11) 64... Kf5 $2 $11 (64... Ra2+ $8 $19) 65. Rb5+ Kg4 66. Rb3 $2
$19 (66. Rb7 $11) (66. Rb8 $11) 66... Rf4 $2 $11 (66... h3 $19) (66... Ra2+ $19
) (66... Re4+ $19) 67. Ke3 $1 {only move} Kg5 68. Rb5+ Rf5 69. Rb3 $2 $19 (69.
Rxf5+ $11 {draws, as do}) (69. Rb4 $11) (69. Rb7 $11) ({and} 69. Rb8 $11) 69...
h3 $1 {Yes!} (69... Re5+ 70. Kf3 Rf5+ {(repeats and wins)}) 70. gxh3 g2 71. Rb1
Rf1 72. Rb5+ Kh4 0-1

[Event "Mechanics' Summer TNM; G/2 d/5"]
[Site "San Francisco"]
[Date "2018.06.19"]
[Round "4.7"]
[White "Rakonitz, David"]
[Black "Papanek, Ella"]
[Result "0-1"]
[WhiteElo "1749"]
[BlackElo "1979"]
[PlyCount "102"]
[EventDate "2018.??.??"]
[Source "ChessBase"]
[SourceDate "2007.09.04"]

1. d4 d5 2. Nf3 Nf6 3. c4 c6 4. Nc3 e6 5. Bg5 Nbd7 6. e3 Be7 7. Qc2 O-O 8. Bd3
dxc4 9. Bxc4 b5 10. Bd3 Bb7 11. O-O Rc8 12. Rfd1 a6 13. Rac1 h6 14. Bh4 c5 15.
Qe2 c4 16. Bb1 b4 17. Na4 Qa5 18. b3 c3 19. Bd3 Bd6 20. Bg3 Bxg3 21. hxg3 Ne4
22. Bxe4 Bxe4 23. Ne1 Bc6 24. Nc5 Nxc5 25. dxc5 Bb5 26. Qc2 Rxc5 27. Rd6 Qc7
28. Rcd1 Bc6 29. R6d4 a5 30. Qc1 Rd5 31. Nc2 Qb7 32. f3 Qb8 33. Rxd5 Bxd5 34.
Kf2 a4 35. Qb1 axb3 36. axb3 Rc8 37. Rd4 Bb7 38. Rxb4 e5 39. Qe1 Qa7 40. Ra4
Qb6 41. Rb4 Qa6 42. Ra4 Qd3 43. Qe2 Rd8 44. Ne1 Qxe2+ 45. Kxe2 Rd2+ 46. Kf1 c2
47. Nxc2 Rxc2 48. Rb4 Ba6+ 49. Kg1 f6 50. Rb6 Rc1+ 51. Kf2 Rf1# 0-1

[Event "Mechanics' Summer TNM; G/2 d/5"]
[Site "San Francisco"]
[Date "2018.06.17"]
[Round "8.13"]
[White "Rakonitz, David"]
[Black "Steger, Eric"]
[Result "1/2-1/2"]
[WhiteElo "1749"]
[BlackElo "1964"]
[Annotator "Winslow,Elliott"]
[PlyCount "69"]
[EventDate "2018.??.??"]
[Source "ChessBase"]
[SourceDate "2007.09.04"]

1. d4 d6 2. Nf3 Nf6 3. c4 g6 4. Nc3 Bg7 5. e4 O-O 6. Be2 e5 7. O-O Nc6 8. d5
Ne7 9. b4 (9. Ne1 Nd7 10. Be3 (10. Nd3 f5 11. Bd2 Nf6 12. f3 f4) 10... f5 11.
f3 f4 12. Bf2 g5) (9. Bg5) 9... Nd7 (9... Nh5) (9... a5) 10. Bg5 h6 11. Bc1 a5
12. Rb1 axb4 13. Rxb4 f5 14. Nd2 Nc5 15. f3 c6 16. Nb3 fxe4 17. fxe4 Rxf1+ 18.
Qxf1 Na6 19. Ra4 Bd7 20. Ra3 c5 21. Na1 Nb4 22. Rxa8 Qxa8 23. a3 Na6 24. Nc2
Nc7 25. Bd2 b6 26. Qb1 Nc8 27. Qb3 Ne8 28. Nb5 Nf6 29. Bf3 g5 30. h3 Qb7 31. a4
Be8 32. Nca3 Bf8 33. Nc3 Be7 34. Nab5 Bd8 35. Qd1 1/2-1/2

[Event "Mechanics' Summer TNM; G/2 d5"]
[Site "San Francisco"]
[Date "2018.06.05"]
[Round "2.9"]
[White "Rakonitz, David"]
[Black "Yamamoto, Craig"]
[Result "1-0"]
[WhiteElo "1749"]
[BlackElo "1500"]
[PlyCount "85"]
[EventDate "2018.??.??"]
[Source "ChessBase"]
[SourceDate "2007.09.04"]

1. d4 d5 2. Nf3 Nf6 3. c4 dxc4 4. Nc3 Bf5 5. e3 Bd3 6. Bxd3 cxd3 7. Qxd3 c6 8.
O-O e6 9. e4 Be7 10. Bf4 h6 11. Rfd1 g5 12. Be3 Ng4 13. d5 Nxe3 14. Qxe3 exd5
15. exd5 Kf8 16. dxc6 Qc7 17. cxb7 Qxb7 18. Qd4 Rg8 19. Rab1 Nc6 20. Qd7 Qxd7
21. Rxd7 g4 22. Nd2 Rd8 23. Rxd8+ Bxd8 24. Nde4 Rg6 25. Rd1 Re6 26. Rd6 Rxd6
27. Nxd6 Bf6 28. Nf5 h5 29. Kf1 Nb4 30. Ke2 Bg5 31. a3 Nc6 32. f3 gxf3+ 33.
Kxf3 Ne5+ 34. Ke2 Nc4 35. Nd1 Bf6 36. Kd3 Nxb2+ 37. Nxb2 Bxb2 38. a4 Be5 39. h3
f6 40. Kc4 Bh2 41. Nd4 Bg1 42. Nc6 Kf7 43. Kb5 1-0

[Event "Mechanics' Summer TNM; G/2 d/5"]
[Site "San Francisco"]
[Date "2018.06.19"]
[Round "4.36"]
[White "Reed, Nicholas Xav"]
[Black "Francis, Daniel"]
[Result "1/2-1/2"]
[WhiteElo "1191"]
[BlackElo "1558"]
[PlyCount "83"]
[EventDate "2018.??.??"]
[Source "ChessBase"]
[SourceDate "2007.09.04"]

1. e4 e5 2. Nf3 Nc6 3. d4 exd4 4. Bc4 Bb4+ 5. c3 dxc3 6. bxc3 Be7 7. Qd5 Nh6 8.
Bxh6 O-O 9. Bg5 d6 10. Bxe7 Qxe7 11. Nbd2 Qf6 12. Rc1 Bg4 13. Qg5 Bxf3 14. Qxf6
gxf6 15. Nxf3 Rfe8 16. Bd5 f5 17. Nd2 Ne5 18. O-O c6 19. Bb3 Nd3 20. Rb1 fxe4
21. Nxe4 Rxe4 22. Bc2 Rc4 23. Bxd3 Rxc3 24. Rb3 Rxb3 25. axb3 Re8 26. Ra1 a6
27. Kf1 Kg7 28. Bf5 h6 29. Re1 Rxe1+ 30. Kxe1 b6 31. Kd2 Kf6 32. Bd3 b5 33. b4
c5 34. f4 Ke6 35. Kc3 Kd5 36. g4 cxb4+ 37. Kxb4 Kd4 38. Bc2 Ke3 39. g5 hxg5 40.
fxg5 Kf4 41. g6 fxg6 42. Bxg6 1/2-1/2

[Event "Mechanics' Summer TNM; G/2 d/5"]
[Site "San Francisco"]
[Date "2018.07.10"]
[Round "7.30"]
[White "Reed, Nicholas Xav"]
[Black "Robertson, Terrance"]
[Result "0-1"]
[WhiteElo "1191"]
[BlackElo "1439"]
[PlyCount "90"]
[EventDate "2018.??.??"]
[Source "ChessBase"]
[SourceDate "2007.09.04"]

1. e4 e5 2. Nf3 Nf6 3. Nxe5 d6 4. Nf3 Nxe4 5. Nc3 Nxc3 6. dxc3 Be7 7. Be3 O-O
8. Qd2 Be6 9. O-O-O Nd7 10. Nd4 Nc5 11. Nxe6 Nxe6 12. Bc4 c6 13. f3 d5 14. Qf2
b5 15. Bd3 a5 16. Bf5 Qd6 17. Bxe6 Qxe6 18. Bc5 Bd6 19. Bxd6 Qxd6 20. g3 a4 21.
a3 Rfe8 22. Rhe1 Kf8 23. Qd4 Rad8 24. Qb4 Qxb4 25. cxb4 Re6 26. Rxe6 fxe6 27.
Re1 Kf7 28. b3 g5 29. bxa4 bxa4 30. Re3 d4 31. Rd3 Rd5 32. Kd2 e5 33. f4 e4 34.
c4 dxc3+ 35. Kxc3 Rxd3+ 36. Kb2 e3 37. Kc2 Rd2+ 38. Kc1 gxf4 39. gxf4 Kf6 40.
b5 cxb5 41. h4 Kf5 42. h5 Kxf4 43. h6 Kf3 44. Kb1 e2 45. Kc1 e1=Q# 0-1

[Event "Mechanics' Bedjanian TNM; G/2 d/5"]
[Site "San Francisco"]
[Date "2018.11.13"]
[Round "4.36"]
[White "Revi, Frank"]
[Black "Ansari, Jahaan"]
[Result "0-1"]
[WhiteElo "1459"]
[BlackElo "882"]
[PlyCount "112"]
[EventDate "2018.??.??"]
[Source "ChessBase"]
[SourceDate "2007.09.04"]

1. d4 e6 2. c4 d5 3. Nf3 Nf6 4. Bf4 Bd6 5. Bxd6 Qxd6 6. Nc3 O-O 7. Qc2 dxc4 8.
Rd1 Bd7 9. e3 Bc6 10. Be2 Nbd7 11. O-O Ng4 12. e4 Nb6 13. d5 exd5 14. exd5 Bd7
15. g3 Nf6 16. Rfe1 Rfe8 17. b3 cxb3 18. axb3 Nbxd5 19. Nxd5 Nxd5 20. Ng5 g6
21. Qd3 c6 22. Qf3 Qe7 23. Rxd5 cxd5 24. Qxd5 Bc6 25. Qd2 Rad8 26. Qf4 Rd5 27.
Nxf7 Qxf7 28. Qc1 Bb5 29. Bxb5 Rxe1+ 30. Qxe1 Rxb5 31. b4 Qc4 32. Qe8+ Kg7 33.
Qd7+ Kf6 34. Qd8+ Kf5 35. Qd7+ Ke4 36. Qg4+ Kd3 37. Qd1+ Kc3 38. Qc1+ Kxb4 39.
Qb2+ Ka5 40. Qa3+ Kb6 41. Qd6+ Qc6 42. Qd4+ Ka6 43. Qa1+ Ra5 44. Qb2 Qe4 45. h4
Qa4 46. Qf6+ Qc6 47. Qb2 Rb5 48. Qa2+ Kb6 49. Qa1 a6 50. Qd4+ Rc5 51. Kh2 h6
52. Qd8+ Kb5 53. Qd3+ Kb6 54. Qd8+ Ka7 55. Qd4 a5 56. Qe3 b6 0-1

[Event "Mechanics' Bedjanian TNM; G/2 d/5"]
[Site "San Francisco"]
[Date "2018.11.27"]
[Round "6.35"]
[White "Revi, Frank"]
[Black "Bentz, Brad"]
[Result "0-1"]
[WhiteElo "1459"]
[BlackElo "1312"]
[Annotator "Winslow,Elliott"]
[PlyCount "48"]
[EventDate "2018.??.??"]
[Source "ChessBase"]
[SourceDate "2007.09.04"]

1. d4 Nf6 2. c4 g6 3. Nf3 d5 4. Bf4 (4. cxd5 Nxd5 5. e4) 4... Bg7 5. Nc3 O-O 6.
h3 (6. e3) (6. Rc1) 6... b6 (6... c5) 7. e3 Ba6 8. b3 c5 9. Qc2 Nc6 10. Rd1
cxd4 11. exd4 Nh5 12. Be3 Bb7 13. Be2 e6 14. O-O h6 15. Nh2 f5 16. cxd5 Nb4 17.
Qd2 f4 18. Bxh5 fxe3 19. Qxe3 gxh5 20. Qxe6+ Kh8 21. Nf3 Nxd5 22. Nb5 Rxf3 23.
gxf3 Qg5+ 24. Kh2 Nf4 0-1

[Event "Mechanics' Walter Shipman TNM G/2 d/5"]
[Site "San Francisco"]
[Date "2018.10.02"]
[Round "9.31"]
[White "Revi, Frank"]
[Black "Boldt, Tim"]
[Result "1/2-1/2"]
[WhiteElo "1471"]
[BlackElo "1383"]
[PlyCount "123"]
[EventDate "2018.??.??"]
[Source "ChessBase"]
[SourceDate "2007.09.04"]

1. d4 Nf6 2. c4 e5 3. dxe5 Ng4 4. Bf4 Nc6 5. e3 Ngxe5 6. Nc3 Bb4 7. Qc2 O-O 8.
Be2 Ng6 9. Bg3 d6 10. Nf3 Nce7 11. h3 Nf5 12. Bh2 Bc5 13. e4 Nfh4 14. O-O f5
15. e5 Nxf3+ 16. Bxf3 dxe5 17. Rad1 Qg5 18. g4 fxg4 19. Ne4 Qe7 20. Nxc5 Qxc5
21. Bd5+ Kh8 22. Bg3 gxh3 23. Kh2 c6 24. Be4 Ne7 25. Qc3 Bf5 26. Bxe5 Rf7 27.
Bd6 Qb6 28. c5 Qd8 29. Bxf5 Nxf5 30. Qxh3 Qh4 31. Rd3 Qxh3+ 32. Kxh3 Nxd6 33.
cxd6 Rd8 34. Re1 Kg8 35. Re7 Kf8 36. Rde3 g6 37. R7e6 Rdd7 38. Kg3 b6 39. Re8+
Kg7 40. R3e6 c5 41. f4 Rf6 42. R8e7+ Rxe7 43. Rxe7+ Kf8 44. Rxh7 Rxd6 45. Rxa7
Ke8 46. Kg4 Rd7 47. Ra8+ Kf7 48. Rb8 Rd6 49. Rb7+ Kf6 50. Rh7 Rd2 51. Rh6 Rxb2
52. f5 Rg2+ 53. Kf3 Rg5 54. fxg6 Rxg6 55. Rxg6+ Kxg6 56. Ke4 Kf6 57. Kd5 Kf5
58. Kc4 Ke5 59. a4 Kd6 60. Kb5 Kc7 61. a5 bxa5 62. Kxc5 1/2-1/2

[Event "Mechanics' Winter TNM; G/2 d5"]
[Site "San Francisco"]
[Date "2018.02.20"]
[Round "7.26"]
[White "Revi, Frank"]
[Black "Chalissery, Jossy"]
[Result "1/2-1/2"]
[WhiteElo "1256"]
[BlackElo "1680"]
[PlyCount "90"]
[EventDate "2018.??.??"]
[Source "ChessBase"]
[SourceDate "2007.09.04"]

1. d4 b6 2. c4 Bb7 3. Bf4 e6 4. Nc3 a6 5. e3 Nf6 6. Nf3 Be7 7. Be2 d6 8. Qc2
Nbd7 9. Rd1 Nh5 10. O-O Nxf4 11. exf4 O-O 12. Rfe1 Nf6 13. Ng5 h6 14. Nge4 Nxe4
15. Nxe4 d5 16. cxd5 Bxd5 17. Bf3 f5 18. Nd2 Rc8 19. Qc3 Bf6 20. Bxd5 Qxd5 21.
Nf3 c5 22. Ne5 cxd4 23. Qb4 Bxe5 24. Rxe5 Qxa2 25. Qxb6 Rfe8 26. Ra5 Qc4 27. h3
d3 28. Qe3 Rcd8 29. Ra3 d2 30. Rc3 Qa4 31. Rxd2 Qa1+ 32. Kh2 Rxd2 33. Qxd2 Qa5
34. Qd7 Qd8 35. Qc6 Qa8 36. Qc4 a5 37. Rg3 Re7 38. Rg6 Kf7 39. Rg3 Qd5 40. Qc3
Kf8 41. Rd3 Qe4 42. Rd8+ Kf7 43. Qxa5 Qxf4+ 44. Kg1 Qc1+ 45. Kh2 Qf4+ 1/2-1/2

[Event "Mechanics' Bedjanian TNM; G/2 d/5"]
[Site "San Francisco"]
[Date "2018.12.11"]
[Round "8.21"]
[White "Revi, Frank"]
[Black "Furukawa, Jon"]
[Result "0-1"]
[WhiteElo "1459"]
[BlackElo "1534"]
[PlyCount "68"]
[EventDate "2018.??.??"]
[Source "ChessBase"]
[SourceDate "2007.09.04"]

1. d4 d5 2. c4 e6 3. Nf3 Nf6 4. Bf4 Bd6 5. Bxd6 cxd6 6. Nc3 dxc4 7. Qc2 O-O 8.
e4 d5 9. Be2 Nc6 10. O-O Bd7 11. Rad1 Nb4 12. Qb1 h6 13. Ne5 Nc6 14. Qc1 Be8
15. f4 Qb6 16. Qd2 Nxe5 17. fxe5 Nd7 18. Kh1 dxe4 19. Nxe4 Qd8 20. Bxc4 Nb6 21.
Be2 Nd5 22. Nc5 Bc6 23. Bg4 Qe7 24. Qf2 Qg5 25. Bh3 Ne3 26. Rde1 Nxf1 27. Rxf1
b6 28. Nb3 Bd5 29. Nc1 Qh5 30. Qg3 Qg6 31. Qe3 Rac8 32. Nd3 Qe4 33. Qg3 Bc4 34.
Nf4 Bxf1 0-1

[Event "Mechanics' Spring TNM; G/2 d5"]
[Site "San Francisco"]
[Date "2018.05.08"]
[Round "8.30"]
[White "Revi, Frank"]
[Black "Hope, Frederick"]
[Result "0-1"]
[WhiteElo "1256"]
[BlackElo "1536"]
[PlyCount "76"]
[EventDate "2018.??.??"]
[Source "ChessBase"]
[SourceDate "2007.09.04"]

1. d4 Nf6 2. c4 g6 3. Nf3 Bg7 4. Bf4 O-O 5. Nc3 d6 6. e3 Nbd7 7. Qc2 c5 8. Rd1
Nh5 9. Be2 cxd4 10. Nd5 Nxf4 11. exf4 e6 12. Nb4 Qb6 13. Nd3 e5 14. fxe5 dxe5
15. c5 Qc7 16. Ng5 Nf6 17. Bf3 e4 18. Nxe4 Re8 19. Nb4 a5 20. O-O axb4 21. Rxd4
Ng4 22. Rd6 Be5 23. Bxg4 Bxd6 24. Nf6+ Kf8 25. Nxe8 Kxe8 26. Qe2+ Be7 27. Bxc8
Rxc8 28. Qb5+ Kf8 29. Qxb4 Bxc5 30. Qg4 Rd8 31. Qg5 Qe7 32. Qh6+ Kg8 33. g3 Qe2
34. Qf4 Rd2 35. Qb8+ Kg7 36. Qxb7 Bxf2+ 37. Kg2 Be1+ 38. Kh3 Qxf1+ 0-1

[Event "Mechanics' Summer TNM; G/2 d/5"]
[Site "San Francisco"]
[Date "2018.07.03"]
[Round "6.36"]
[White "Revi, Frank"]
[Black "Kondakova, Elena"]
[Result "1/2-1/2"]
[WhiteElo "1439"]
[BlackElo "1381"]
[Annotator "Donaldson"]
[PlyCount "50"]
[EventDate "2018.??.??"]
[Source "ChessBase"]
[SourceDate "2007.09.04"]

1. d4 Nf6 2. c4 g6 3. Nf3 Bg7 4. Bf4 d6 5. Nc3 O-O 6. Qc2 Nh5 7. Bd2 e5 8. dxe5
dxe5 9. Rd1 Qe7 10. Nd5 Qd6 11. Bb4 c5 12. Bc3 Rd8 13. e4 Nc6 14. Be2 Nd4 15.
Nxd4 exd4 16. Bd2 Be6 17. O-O Bxd5 18. cxd5 Nf4 19. Bf3 Rab8 20. Bc1 Rdc8 21.
b3 b5 22. Kh1 c4 23. Bg4 Rc7 24. g3 Nd3 25. Bg5 Bf6 $2 {Diagram [#]} (25... Nb4
$1) (25... f5 $1) (25... Bf6 $2 26. Bxf6 Qxf6 27. Rxd3) 1/2-1/2

[Event "Mechanics' Summer TNM; G/2 d/5"]
[Site "San Francisco"]
[Date "2018.06.12"]
[Round "3.35"]
[White "Revi, Frank"]
[Black "Matz, James I"]
[Result "1-0"]
[WhiteElo "1439"]
[BlackElo "1742"]
[PlyCount "75"]
[EventDate "2018.??.??"]
[Source "ChessBase"]
[SourceDate "2007.09.04"]

1. d4 d5 2. c4 e6 3. Nf3 b6 4. Bf4 Bb7 5. e3 Nf6 6. Nc3 Bd6 7. Bxd6 cxd6 8. Be2
O-O 9. O-O dxc4 10. Bxc4 d5 11. Be2 Nc6 12. Rc1 Rc8 13. a3 Qe7 14. Qd3 e5 15.
dxe5 Nxe5 16. Qf5 Ng6 17. Bd3 Bc6 18. Rfe1 Bd7 19. Nxd5 Bxf5 20. Nxe7+ Nxe7 21.
Bb5 Rxc1 22. Rxc1 Rc8 23. Re1 Rc2 24. Rd1 h6 $19 25. b3 Bg4 $4 26. Rd8+ Kh7 27.
Bd3+ Bf5 28. Bxc2 Bxc2 29. Nd4 Be4 30. f3 Bb7 31. b4 Kg6 32. Kf2 Bd5 33. b5 Kg5
34. e4 Bc4 35. Ra8 Kf4 36. Rxa7 Ng6 37. Rb7 Ne5 38. g3+ 1-0

[Event "Mechanics' Summer TNM; G/2 d/5"]
[Site "San Francisco"]
[Date "2018.05.29"]
[Round "1.16"]
[White "Revi, Frank"]
[Black "Melville, Cailen"]
[Result "0-1"]
[WhiteElo "1439"]
[BlackElo "1959"]
[PlyCount "40"]
[EventDate "2018.??.??"]
[Source "ChessBase"]
[SourceDate "2007.09.04"]

1. d4 e6 2. c4 b6 3. Nc3 Bb7 4. Bf4 f5 5. Qc2 Nf6 6. Rd1 Bb4 7. a3 Bxc3+ 8.
bxc3 O-O 9. d5 exd5 10. Nf3 dxc4 11. Ne5 b5 12. e3 Qe7 13. Qb2 g5 14. Qxb5 Ba6
15. Bxc4+ Kg7 16. Qa4 gxf4 17. Nxd7 Nbxd7 18. Bxa6 fxe3 19. f3 Nc5 20. Qc6 Rab8
0-1

[Event "Mechanics' Shipman TNM; G/2 d/5"]
[Site "San Francisco"]
[Date "2018.09.18"]
[Round "7.27"]
[White "Revi, Frank"]
[Black "Newey, Richard"]
[Result "0-1"]
[WhiteElo "1471"]
[BlackElo "1630"]
[PlyCount "98"]
[EventDate "2018.??.??"]
[Source "ChessBase"]
[SourceDate "2007.09.04"]

1. d4 Nf6 2. c4 e5 3. dxe5 Ng4 4. Nf3 Bc5 5. e3 Nc6 6. Nd4 Ngxe5 7. Be2 d6 8.
Nc3 a6 9. Nd5 Ne7 10. a3 Ba7 11. b4 c6 12. Nf4 O-O 13. Bb2 Nf5 14. c5 Re8 15.
Qd2 dxc5 16. Nxf5 Qxd2+ 17. Kxd2 Bxf5 18. Ke1 Rad8 19. Nh5 f6 20. Rc1 cxb4 21.
axb4 Kf7 22. h3 Nd3+ 23. Bxd3 Bxd3 24. Nf4 Bb5 25. Rc3 Rd4 26. g3 Rxb4 27. Bc1
Bb6 28. Nd3 Rc4 29. Rxc4 Bxc4 30. Nb2 Bb5 31. Bd2 a5 32. Kd1 a4 33. Kc2 Bc5 34.
Kc3 Rd8 35. Nc4 b6 36. Rd1 Bxc4 37. Kxc4 Be7 38. Kc3 b5 39. Rb1 Bc5 40. Kc2 Ke6
41. Ba5 Rd5 42. Kc3 Rf5 43. f4 Rd5 44. e4 Rd7 45. Bb4 Bxb4+ 46. Rxb4 Rd1 47.
Kb2 Rd3 48. f5+ Ke5 49. Kc2 Re3 {White lost on time} 0-1

[Event "Mechanics' Bedjanian TNM; G/2 d/5"]
[Site "San Francisco"]
[Date "2018.12.18"]
[Round "9.41"]
[White "Revi, Frank"]
[Black "Otterbach, Renate"]
[Result "0-1"]
[WhiteElo "1459"]
[BlackElo "1287"]
[PlyCount "114"]
[EventDate "2018.??.??"]
[Source "ChessBase"]
[SourceDate "2007.09.04"]

1. d4 e6 2. c4 d5 3. Nf3 Nf6 4. Bf4 c5 5. Nc3 Qb6 6. Rb1 Bd7 7. e3 Bc6 8. Be2
Be7 9. O-O O-O 10. Ne5 Nbd7 11. Nf3 Nh5 12. Bg5 Nhf6 13. Qc2 dxc4 14. Nd2 Qc7
15. Nxc4 b6 16. Bf4 Qb7 17. f3 Nh5 18. Nd6 Bxd6 19. Bxd6 Rfd8 20. Be7 Re8 21.
Bh4 cxd4 22. exd4 Nf4 23. Nb5 Nxe2+ 24. Qxe2 Bxb5 25. Qxb5 Rac8 26. Qd3 Qd5 27.
b3 Ne5 28. Qd2 Ng6 29. Bg5 f6 30. Be3 Ne7 31. f4 Nf5 32. Qf2 Qe4 33. Rbe1 Rc2
34. Qf3 Qxf3 35. Rxf3 Rxa2 36. Bf2 Kf7 37. g4 Ne7 38. Rfe3 Nd5 39. Re4 Ra3 40.
f5 e5 41. dxe5 fxe5 42. Rxe5 Rxe5 43. Rxe5 Nf6 44. g5 Ng4 45. Rb5 Ra1+ 46. Kg2
Ra2 47. g6+ hxg6 48. fxg6+ Kf6 49. Rb4 Nxf2 50. Rf4+ Kxg6 51. Rxf2 Rxf2+ 52.
Kxf2 Kf5 53. Ke3 Ke6 54. Kd4 g5 55. b4 a6 56. Ke4 b5 57. h3 Kf6 0-1

[Event "Mechanics' Shipman TNM; G/2 d/5"]
[Site "San Francisco"]
[Date "2018.08.07"]
[Round "1.39"]
[White "Revi, Frank"]
[Black "Poling, Scott E"]
[Result "0-1"]
[WhiteElo "1471"]
[BlackElo "1856"]
[PlyCount "70"]
[EventDate "2018.??.??"]
[Source "ChessBase"]
[SourceDate "2007.09.04"]

1. d4 Nf6 2. c4 e6 3. Nc3 Bb4 4. Nf3 O-O 5. Bf4 Re8 6. Qc2 b6 7. e4 Bxc3+ 8.
bxc3 d6 9. Rd1 Bb7 10. Bd3 h6 11. O-O Nh5 12. Be3 e5 13. d5 Na6 14. Qc1 Kh7 15.
Be2 Nf6 16. Nd2 Nd7 17. f4 exf4 18. Rxf4 Ne5 19. Rdf1 Nc5 20. Qc2 Qd7 21. Nf3
f6 22. Nh4 Qa4 23. Qb1 Ba6 24. Nf5 Bxc4 25. Bxc4 Qxc4 26. Nxh6 Ng6 27. e5 Qd3
28. R4f3 Qxb1 29. Rxb1 Rxe5 30. Nf5 Rxd5 31. Rh3+ Kg8 32. Nd4 Re8 33. Nb5 Ne6
34. Nxa7 Ra5 35. Nb5 Rxa2 0-1

[Event "Mechanics' Shipman TNM; G/2 d/5"]
[Site "San Francisco"]
[Date "2018.08.28"]
[Round "4.38"]
[White "Revi, Frank"]
[Black "Rushton, Peter"]
[Result "1-0"]
[WhiteElo "1471"]
[BlackElo "1202"]
[PlyCount "77"]
[EventDate "2018.??.??"]
[Source "ChessBase"]
[SourceDate "2007.09.04"]

1. d4 Nf6 2. c4 d5 3. Nc3 Nc6 4. Bf4 a6 5. Nf3 Bf5 6. e3 Nb4 7. Qa4+ Nc6 8. Ne5
e6 9. Nxc6 bxc6 10. Qxc6+ Nd7 11. cxd5 Bb4 12. dxe6 Bxe6 13. Qe4 Nf6 14. Qd3
Nd5 15. Be5 O-O 16. Be2 Qg5 17. Bf3 c6 18. O-O f6 19. Ne4 Bf5 20. Bg3 Bxe4 21.
Bxe4 f5 22. Bf3 f4 23. exf4 Rxf4 24. Bxd5+ cxd5 25. Bxf4 Qxf4 26. a3 Bd6 27. g3
Qg5 28. Rae1 h5 29. Re6 Rd8 30. Rg6 Qe7 31. Qf5 h4 32. Qxd5+ Kh7 33. Qh5+ Kg8
34. gxh4 Bf4 35. Rd1 a5 36. d5 Qc5 37. Qf3 Bd6 38. Qc3 Qb6 39. Qxg7# 1-0

[Event "Mechanics' Spring TNM; G/2 d5"]
[Site "San Francisco"]
[Date "2018.04.17"]
[Round "5.20"]
[White "Revi, Frank"]
[Black "Rushton, Peter"]
[Result "1-0"]
[WhiteElo "1256"]
[BlackElo "1142"]
[PlyCount "87"]
[EventDate "2018.??.??"]
[Source "ChessBase"]
[SourceDate "2007.09.04"]

1. d4 d5 2. c4 dxc4 3. Nf3 Nf6 4. Bf4 Bf5 5. Nc3 e6 6. e3 Nc6 7. a3 a6 8. Bxc4
b5 9. Be2 b4 10. Na4 Nd5 11. Bg3 Be7 12. O-O Qb8 13. Rc1 Qb7 14. Nc5 Qb6 15. e4
Bxe4 16. Nxe4 bxa3 17. bxa3 Bxa3 18. Rb1 Bb2 19. Qd2 Rb8 20. Nc5 a5 21. Na4 Qa7
22. Nxb2 O-O 23. Na4 Rb4 24. Nc5 a4 25. Rxb4 Ncxb4 26. Bc4 Rb8 27. Bxd5 Nxd5
28. Qc2 f6 29. Nxa4 Rc8 30. Qc6 Rd8 31. Qxe6+ Kh8 32. Nc5 c6 33. Qxc6 Nc3 34.
Re1 Qf7 35. Ne6 Re8 36. Qxc3 Rxe6 37. Qc8+ Qg8 38. Qxg8+ Kxg8 39. Rxe6 Kf7 40.
d5 g5 41. Bd6 h5 42. Re7+ Kf8 43. Bc5 g4 44. Nh4 1-0

[Event "Mechanics' Winter TNM; G/2 d5"]
[Site "San Francisco"]
[Date "2018.01.30"]
[Round "4.40"]
[White "Revi, Frank"]
[Black "Simpkins, Jerry"]
[Result "1-0"]
[WhiteElo "1256"]
[BlackElo "1580"]
[PlyCount "79"]
[EventDate "2018.??.??"]
[Source "ChessBase"]
[SourceDate "2007.09.04"]

1. d4 d5 2. c4 e6 3. Nf3 Nf6 4. Bf4 Bd6 5. Bxd6 Qxd6 6. Nc3 c6 7. Qc2 Na6 8. a3
O-O 9. Rd1 Nc7 10. e4 dxe4 11. Nxe4 Nxe4 12. Qxe4 f5 13. Qc2 Ne8 14. Be2 Nf6
15. O-O Ne4 16. Ne5 Bd7 17. Bf3 Nf6 18. Rfe1 Be8 19. Qe2 Bg6 20. Rd2 Rae8 21.
Qd1 Ne4 22. Rc2 Qe7 23. Bh5 Qg5 24. Bxg6 hxg6 25. f3 Nf6 26. Rf2 Nh5 27. Kh1 f4
28. Qd3 Qh4 29. Kg1 Rf5 30. Nxg6 Qg5 31. Ne5 Ng3 32. Ng4 Nh5 33. Rfe2 Qg6 34.
d5 Ng3 35. hxg3 fxg3 36. dxe6 Qg5 37. Re5 g6 38. Qd7 Rd8 39. e7 Rxe5 40.
exd8=Q+ 1-0

[Event "Mechanics' Winter TNM; G/2 d5"]
[Site "San Francisco"]
[Date "2018.02.27"]
[Round "8.26"]
[White "Revi, Frank"]
[Black "Starr, Albert"]
[Result "0-1"]
[WhiteElo "1256"]
[BlackElo "1651"]
[PlyCount "104"]
[EventDate "2018.??.??"]
[Source "ChessBase"]
[SourceDate "2007.09.04"]

1. d4 f5 2. c4 g6 3. Nf3 Nf6 4. Bf4 Bg7 5. Nc3 d6 6. Qc2 O-O 7. Rd1 a6 8. e3
Qe8 9. Be2 Nbd7 10. Ng5 Nb6 11. c5 Nbd5 12. Nxd5 Nxd5 13. Bc4 e6 14. cxd6 Nxf4
15. exf4 cxd6 16. O-O d5 17. Bb3 h6 18. Nf3 Kh7 19. Rfe1 Qc6 20. Qd3 b5 21. Re3
Ra7 22. h4 Bf6 23. Qe2 Rg7 24. g3 b4 25. Bc2 a5 26. b3 Rc7 27. Bd3 Qb6 28. h5
gxh5 29. Kg2 Rg8 30. Bc2 h4 31. Kh3 hxg3 32. fxg3 Rcg7 33. Nh2 Bxd4 34. Rf3 Bg1
35. Nf1 Ba6 36. Bd3 Bxd3 37. Rdxd3 Qc6 38. Qg2 Bb6 39. Ne3 Bxe3 40. Rdxe3 Qe8
41. Kh2 Rg4 42. Kg1 h5 43. Qe2 h4 44. Kf1 R8g6 45. Qh2 Rh6 46. gxh4 Rhxh4 47.
Rh3 Qh5 48. Ke1 Kg8 49. Kd2 Kf7 50. Kd3 Rxf4 51. Rxh4 Qd1+ 52. Qd2 Qxd2+ 0-1